000 00454nam a2200145Ia 4500
008 181023s9999 xx 000 0 und d
020 _a9780415832434
100 _aKo, Susan.
245 _cSusan Ko, Steve Rossen.--
_aTeaching online :
_ba practical guide /
250 _a4th ed
260 _aNew York :
_bRoutledge
_c2017
300 _axxiii, 486 pages.
650 _aDistance education.
650 _aEducation, Higher -- computer-assisted instruction.
999 _c359387
_d359387